Game of Thrones: Houses of the North - Statistics

General Stats
  • This quiz has been taken 369 times
    348 since last reset
  • The average score is 28 of 70
Answer Stats
Answer % Correct
Stark
99%
Bolton
94%
Karstark
94%
Umber
90%
Manderly
85%
Mormont
85%
Glover
78%
Reed
77%
Cerwyn
61%
Dustin
61%
Flint of Breakstone Hill
61%
Flint of Flint's Finger
61%
Flint of The Mountains
61%
Flint of Widow's Watch
61%
Hornwood
60%
Cassel
59%
Tallhart
52%
Poole
50%
Ryswell
47%
Locke
44%
Greystark
40%
Wull
39%
Forrester
38%
Norrey
38%
Marsh
36%
Thenn
35%
Liddle
34%
Ashwood
33%
Blackwood
33%
Frost
33%
Whitehill
33%
Fisher
32%
Magnar
32%
Amber
31%
Greenwood
31%
Stout
31%
Woolfield
31%
Burley
30%
Harclay
30%
Mollen
30%
Slate
30%
Stane
30%
Wells
30%
Woodfoot
30%
Crowl
29%
Fenn
29%
Moss
29%
Boggs
28%
Branch
28%
Lake
28%
Redbeard
28%
Woods
28%
Condon
27%
Greengood
27%
Ironsmith
27%
Lightfoot
27%
Quagg
27%
Blackmyre
26%
Bole
26%
Knott
26%
Towers
26%
Waterman
25%
Cray
24%
Holt
24%
Overton
24%
Peat
24%
Ryder
24%
Long
19%
Glenmore
9%
Branfield
8%
No matching quizzes found
Score Distribution
Percent of People with Each Score
Percentile by Number Answered
Your Score History
You have not taken this quiz since the last reset